| 000 | 00536nam a2200181 a 4500 | ||
|---|---|---|---|
| 001 | 1403 | ||
| 003 | CDMR | ||
| 005 | 20131030102429.0 | ||
| 008 | 130130s1973||||||||||||||||||||||||||||d | ||
| 020 | _a8428303622 | ||
| 040 |
_aCDMR _bcat _cCPC GIRONA |
||
| 100 | 1 |
_aMartín Vivaldi, Gonzalo _9478 |
|
| 245 | 1 | 0 |
_aGéneros periodísticos _cGonzalo Martín Vivaldi _b: reportaje, crónica, artículo : análisis diferencial |
| 250 | _a1a ed. | ||
| 260 |
_c1973 _bParaninfo _aMadrid |
||
| 650 | 0 | 4 |
_94193 _aGèneres periodístics |
| 942 |
_cMON _2udc |
||
| 999 |
_c1403 _d1403 |
||